00472 2200181 4500245006700000020001800067250001100085100002000096700001900116650001900135650001400154005001900168260004100187041001400228084001100242300002800253336000900281 aRahasia Ngoprek Windows 7 Habis-HabisancRachmad Hakim ShText a9786020239064 aCet. 1 aRachmad Hakim S aAmy Gama Sunni aSistem Operasi aWindows 7 a20230714114303 aJakartabElex Media Komputindoc2014 aIndonesia a005.43 axiv, 234 hlm. :c22 cm. atext